| 000 | 00408nam a2200157Ia 4500 | ||
|---|---|---|---|
| 003 | LK-CoDNM | ||
| 008 | 010623t1818 xxu||||| |||| 00| 1 sin d | ||
| 040 |
_aLK-CoDNM _dLK-CoDNM _eLK-CoDNM |
||
| 041 | _asin | ||
| 080 | _a9 R 17 | ||
| 100 | _aGreene,Thomas. | ||
| 245 | _aThe Priciples of Religion : from the Scriptures | ||
| 260 |
_bWesleyan Mission _aColombo _c1818 |
||
| 300 | _b405p., 18 cm | ||
| 942 | _cBK | ||
| 999 |
_c80981 _d80981 |
||